000 00275nam a2200097Ia 4500
082 _a614.1|MACQ
245 0 _aA-Z of medical law
100 _a McQuoid-Mason, David Jan Cape Town, South Africa, 2011
_952242
942 _cBK
008 210817s9999 xx 000 0 und d
999 _c166611
_d166610